Gran Premi del Campionato mondiale di Formula 1 2019 - Statistics

Statistiche generali
  • Questo quiz è stato fatto 5 volte
  • Il punteggio medio è 14 su 21
Statistiche sulle risposte
Data Gran Premio % Corretto
17 marzo Gran Premio d'Australia
100%
1º settembre Gran Premio del Belgio
100%
8 settembre Gran Premio d'Italia
100%
30 giugno Gran Premio d'Austria
75%
28 aprile Gran Premio d'Azerbaigian
75%
3 novembre Gran Premio degli Stati Uniti
75%
17 novembre Gran Premio del Brasile
75%
9 giugno Gran Premio del Canada
75%
13 ottobre Gran Premio del Giappone
75%
27 ottobre Gran Premio del Messico
75%
1º dicembre Gran Premio di Abu Dhabi
75%
14 aprile Gran Premio di Cina
75%
23 giugno Gran Premio di Francia
75%
31 marzo Gran Premio del Bahrein
50%
28 luglio Gran Premio di Germania
50%
26 maggio Gran Premio di Monaco
50%
29 settembre Gran Premio di Russia
50%
22 settembre Gran Premio di Singapore
50%
12 maggio Gran Premio di Spagna
50%
4 agosto Gran Premio d'Ungheria
50%
14 luglio Gran Premio di Gran Bretagna
25%
Nessun quiz corrispondente trovato
Distribuzione punteggi
Percentuale di utenti per punteggio
Percentile per numero di risposta
I tuoi punteggi nel tempo
Non hai fatto questo quiz